| 000 | 00686nam a22002177a 4500 | ||
|---|---|---|---|
| 999 |
_c3666 _d3666 |
||
| 003 | AR-CdUCM | ||
| 008 | 190307b ||||| |||| 00| 0 spa d | ||
| 040 |
_aMUNICIPALIDAD PROVINCIAL DEL CUSCO _cBIBLIOTECA MUNICIPAL DEL CUSCO |
||
| 082 |
_a869.62 / _bA31 |
||
| 100 |
_aAguilera Malta, Demetrio _911915 |
||
| 245 |
_aSangre azul : _bUna comedia en tres actos / |
||
| 260 |
_aWashington, D.C : _bUnión Panamericana, _c1948. |
||
| 300 |
_a70 página ; _c20 cm. |
||
| 505 | _aContenido: Teatro ecuatoriano. | ||
| 650 |
_aTeatro ecuatoriano _911916 |
||
| 650 |
_aSiglo XX _98 |
||
| 650 |
_aComedia _92607 |
||
| 700 |
_aKnapp Jones, Willis _911917 |
||
| 942 |
_2ddc _cLIBROS |
||
| 945 | _adavv | ||